Electricity for heating, ventilation, air conditioning, and related areas / (Record no. 8214)
[ view plain ]
| 000 -LEADER | |
|---|---|
| fixed length control field | 00796pam a2200241 a 4500 |
| 001 - CONTROL NUMBER | |
| control field | 2125264 |
| 005 - DATE AND TIME OF LATEST TRANSACTION | |
| control field | 20251111152153.0 |
| 008 - FIXED-LENGTH DATA ELEMENTS--GENERAL INFORMATION | |
| fixed length control field | 970610s1998 njua 001 0 eng |
| 020 ## - INTERNATIONAL STANDARD BOOK NUMBER | |
| International Standard Book Number | 0135248930 |
| 020 ## - INTERNATIONAL STANDARD BOOK NUMBER | |
| International Standard Book Number | 9780135248935 |
| 050 00 - LIBRARY OF CONGRESS CALL NUMBER | |
| Classification number | TK4035.A35 |
| Item number | A48 1998 |
| 082 00 - DEWEY DECIMAL CLASSIFICATION NUMBER | |
| Classification number | 621.3/024/697 |
| Edition information | 21 |
| 100 1# - MAIN ENTRY--PERSONAL NAME | |
| Personal name | Alton, Timothy L. |
| 245 10 - TITLE STATEMENT | |
| Title | Electricity for heating, ventilation, air conditioning, and related areas / |
| Statement of responsibility, etc. | Timothy L. Alton. |
| 260 ## - PUBLICATION, DISTRIBUTION, ETC. | |
| Place of publication, distribution, etc. | Upper Saddle River, N.J. : |
| Name of publisher, distributor, etc. | Prentice Hall, |
| Date of publication, distribution, etc. | c1998. |
| 300 ## - PHYSICAL DESCRIPTION | |
| Extent | xii, 691 p. : |
| Other physical details | ill. ; |
| Dimensions | 25 cm. |
| 500 ## - GENERAL NOTE | |
| General note | Includes index. |
| 650 #0 - SUBJECT ADDED ENTRY--TOPICAL TERM | |
| Topical term or geographic name entry element | Air conditioning |
| General subdivision | Electric equipment. |
| 650 #0 - SUBJECT ADDED ENTRY--TOPICAL TERM | |
| Topical term or geographic name entry element | Heating |
| General subdivision | Equipment and supplies. |
| 650 #0 - SUBJECT ADDED ENTRY--TOPICAL TERM | |
| Topical term or geographic name entry element | Ventilation |
| General subdivision | Equipment and supplies. |
| 650 #0 - SUBJECT ADDED ENTRY--TOPICAL TERM | |
| Topical term or geographic name entry element | Electrical engineering. |
| 942 ## - ADDED ENTRY ELEMENTS (KOHA) | |
| Source of classification or shelving scheme | Library of Congress Classification |
| Koha item type | Books |
| Suppress in OPAC | No |
| 999 ## - | |
| -- | 8214 |
| -- | 8214 |
| Withdrawn status | Lost status | Source of classification or shelving scheme | Damaged status | Not for loan | Collection | Home library | Current library | Shelving location | Date acquired | Total checkouts | Full call number | Barcode | Date last seen | Copy number | Price effective from | Koha item type |
|---|---|---|---|---|---|---|---|---|---|---|---|---|---|---|---|---|
| Library of Congress Classification | Non-fiction | Science Library (Miotso) | Science Library (Miotso) | General stacks | 11/11/2025 | TK4035.A35 A48 ALT | SLM00005740 | 11/11/2025 | 1 | 11/11/2025 | Books | |||||
| Library of Congress Classification | Non-fiction | Science Library (Miotso) | Science Library (Miotso) | General stacks | 11/11/2025 | TK4035.A35 A48 ALT | SLM00005741 | 11/11/2025 | 2 | 11/11/2025 | Books |